000 00415nam a2200145 a 4500
001 000029485
005 20240305140451.0
008 110415s1997 dr 000 0 spa d
040 _aDO-SdBNP
_bspa
_cBNPHU
082 _axxx
_bM827e
100 1 _aMora, Wilfredo,
_d1965-
_912701
245 1 3 _aEl sistema social de la prisión /
_cWilfredo Mora.
260 _aSanto Domingo :
_bBúho,
_c1997.
300 _a26 p. ;
_c21 cm.
999 _c28977
_d28977